LDR 00771naa#a2200169#i#450# 001 RU\\bibl\118236 005 20260702074114.4 011 ## _a2782-4586 100 ## _a20260630b2026####ek#y0rusy0150####ca 102 ## _aRU 200 1# _aМетодологические основы и направления анализа бюджетных назначений по доходам и расходам в системе менеджмента учреждения _eЖурнальная статья 210 1# _aМосква _cУниверситет ИТБО _d2026 215 ## _a11 с. 608 ## _aЖурнальная статья _2local 675 ## _aБухгалтерия. Счетоводство. 657 _z 700 #1 _aНасакина _gЛилия Аркадьевна 856 4# _ajomeam.ru _u